[Event "Rio de Janeiro Estadual-ch"]
[Site "Rio de Janeiro"]
[Date "2018.04.29"]
[Round "3"]
[White "Salles, Marvio Darilho"]
[Black "Ribeiro, Antonio Braz Pereir"]
[Result "1/2-1/2"]
[WhiteElo "2059"]
[BlackElo "1760"]
[PlyCount "81"]
[EventDate "2018.04.28"]
[EventType "swiss"]
[EventRounds "6"]
[EventCountry "BRA"]
[SourceTitle "CBM 184 Extra"]
[Source "ChessBase"]
[SourceDate "2018.06.28"]
[SourceVersion "1"]
[SourceVersionDate "2018.06.28"]
[SourceQuality "1"]

1. e4 c5 2. Nf3 e6 3. g3 Nc6 4. Bg2 e5 5. 0-0 Nf6 6. b3 g6 7. Bb2 d6 8. d3 Bg7 9. Ne1 Nd4 10. Nd2 0-0 11. h3 Ne6 12. Nc4 b5 13. Ne3 Bb7 14. c4 b4 15. N1c2 a5 16. Nd5 Nh5 17. Nce3 Nd4 18. Kh2 Bh6 19. Ng4 Bg7 20. Nge3 Bh6 21. Bc1 Bxd5 22. Nxd5 Bxc1 23. Rxc1 Nf6 24. Ne3 Nh5 25. Nc2 Ne6 26. Qd2 a4 27. Ra1 a3 28. Rae1 Qg5 29. Qxg5 Nxg5 30. f4 Ne6 31. f5 Nd4 32. Nxd4 cxd4 33. Bf3 Nf6 34. g4 g5 35. Kg3 Kg7 36. Rh1 h6 37. h4 Rh8 38. Reg1 Nd7 39. Bd1 Nc5 40. Bc2 Rag8 41. h5 1/2-1/2

[Event "Maravilhosa-ch op"]
[Site "Maravilhosa"]
[Date "2016.01.24"]
[Round "6"]
[White "Salles, Marvio Darilho"]
[Black "Pinto Neto, Antonio de Padua"]
[Result "1/2-1/2"]
[WhiteElo "2075"]
[BlackElo "1925"]
[PlyCount "35"]
[EventDate "2016.01.22"]
[EventType "swiss"]
[EventRounds "6"]
[EventCountry "BRA"]
[SourceTitle "CBM 170 Extra"]
[Source "ChessBase"]
[SourceDate "2016.02.25"]
[SourceVersion "1"]
[SourceVersionDate "2016.02.25"]
[SourceQuality "1"]

1. e4 c5 2. Nf3 d6 3. d4 cxd4 4. Nxd4 Nf6 5. Nc3 g6 6. Bg5 Bg7 7. Qd2 0-0 8. Bh6 Nc6 9. Bxg7 Kxg7 10. 0-0-0 Nxd4 11. Qxd4 Be6 12. f3 Qa5 13. g4 Kg8 14. Kb1 Rfc8 15. a3 Qc5 16. h4 Qxd4 17. Rxd4 Rc5 18. Be2 1/2-1/2

[Event "Rio de Janeiro IRT DE OUTONO TTC 2nd"]
[Site "Rio de Janeiro"]
[Date "2013.05.30"]
[Round "1.4"]
[White "Salles, Marvio Darilho"]
[Black "Reis, Virginia Lagrange M"]
[Result "1-0"]
[WhiteElo "2110"]
[BlackElo "1885"]
[PlyCount "85"]
[EventDate "2013.05.30"]
[EventType "swiss"]
[EventRounds "6"]
[EventCountry "BRA"]
[SourceTitle "EXT 2022"]
[Source "ChessBase"]
[SourceDate "2021.10.06"]
[SourceVersion "1"]
[SourceVersionDate "2021.10.06"]
[SourceQuality "1"]

1. e4 c5 2. Nf3 d6 3. b3 Nf6 4. Bb5+ Bd7 5. Bxd7+ Qxd7 6. Qe2 Nc6 7. 0-0 e5 8. d3 Be7 9. Bg5 Ng8 10. Bd2 f5 11. Nc3 f4 12. Nd5 Nf6 13. c4 Nxd5 14. exd5 Nd8 15. Rfe1 Nf7 16. Kh1 g5 17. Bc3 g4 18. Nd2 0-0-0 19. b4 cxb4 20. Bxb4 Rde8 21. Ne4 Kb8 22. a4 h5 23. Reb1 h4 24. Ba3 g3 25. h3 gxf2 26. Qxf2 Nh6 27. Rb2 Rc8 28. Rab1 Rc7 29. Bb4 Nf5 30. Ba5 b6 31. Bd2 Bd8 32. a5 Rb7 33. a6 Rc7 34. Rxb6+ axb6 35. Qxb6+ Rb7 36. Qxb7+ Qxb7 37. Rxb7+ Ka8 38. Rf7 Nd4 39. Nxd6 Nb3 40. Bc3 Nc5 41. Bxe5 Rg8 42. Nb5 Nxd3 43. Ra7# 1-0

[Event "Rio de Janeiro Fexerj op"]
[Site "Rio de Janeiro"]
[Date "2012.09.02"]
[Round "7"]
[White "Salles, Marvio Darilho"]
[Black "Rangel, Daniel"]
[Result "0-1"]
[WhiteElo "2095"]
[BlackElo "2093"]
[PlyCount "46"]
[EventDate "2012.08.25"]
[EventType "swiss"]
[EventRounds "7"]
[EventCountry "BRA"]
[SourceTitle "CBM 150 Extra"]
[Source "ChessBase"]
[SourceDate "2012.10.19"]
[SourceVersion "1"]
[SourceVersionDate "2012.10.19"]
[SourceQuality "1"]

1. Nf3 g6 2. g3 Bg7 3. Bg2 f5 4. d4 Nf6 5. 0-0 0-0 6. c4 d6 7. Nc3 Qe8 8. Qd3 e5 9. dxe5 dxe5 10. e4 Na6 11. Nd2 f4 12. Rb1 Nc5 13. Qe2 a5 14. Nb3 Ne6 15. gxf4 Nh5 16. Nd5 a4 17. f5 gxf5 18. exf5 Rxf5 19. Be4 axb3 20. Bxf5 Nd4 21. Qg4 Bxf5 22. Qg2 Bxb1 23. Nxc7 Qg6 0-1

[Event "Rio de Janeiro Fexerj op"]
[Site "Rio de Janeiro"]
[Date "2012.08.25"]
[Round "2"]
[White "Rios Filho, Hilton Carlos da Si"]
[Black "Salles, Marvio Darilho"]
[Result "1/2-1/2"]
[WhiteElo "2212"]
[BlackElo "2095"]
[PlyCount "68"]
[EventDate "2012.08.25"]
[EventType "swiss"]
[EventRounds "7"]
[EventCountry "BRA"]
[SourceTitle "CBM 150 Extra"]
[Source "ChessBase"]
[SourceDate "2012.10.19"]
[SourceVersion "1"]
[SourceVersionDate "2012.10.19"]
[SourceQuality "1"]

1. d4 Nf6 2. c4 c5 3. d5 e5 4. Nc3 d6 5. e4 Be7 6. h3 0-0 7. Nf3 Ne8 8. Bd3 a6 9. Qe2 f5 10. exf5 Bxf5 11. Bxf5 Rxf5 12. 0-0 Nd7 13. a3 Nf8 14. Be3 Ng6 15. g3 Qd7 16. Nd2 Nc7 17. a4 Raf8 18. a5 Nf4 19. Bxf4 exf4 20. Nce4 f3 21. Qd1 Rh5 22. h4 Qg4 23. Ra3 Rxh4 24. Rxf3 Rxf3 25. Nxf3 Rh5 26. Nfg5 Qxd1 27. Rxd1 Rxg5 28. Nxg5 Bxg5 29. Rd3 Ne8 30. Rb3 Bd8 31. Rxb7 Bxa5 32. Ra7 Bd2 33. Rxa6 Bc1 34. Rb6 Kf7 1/2-1/2

[Event "Rio de Janeiro Tijuca Tenis Club 1st"]
[Site "Rio de Janeiro"]
[Date "2011.05.01"]
[Round "5.2"]
[White "De Paiva, Pedro Henrique"]
[Black "Salles, Marvio Darilho"]
[Result "1-0"]
[WhiteElo "2242"]
[BlackElo "2102"]
[PlyCount "183"]
[EventDate "2011.04.28"]
[EventType "swiss"]
[EventRounds "6"]
[EventCountry "BRA"]
[SourceTitle "EXT 2022"]
[Source "ChessBase"]
[SourceDate "2021.10.06"]
[SourceVersion "1"]
[SourceVersionDate "2021.10.06"]
[SourceQuality "1"]

1. e4 Nc6 2. d4 d5 3. e5 Bf5 4. Nf3 e6 5. a3 h6 6. Bd3 Nge7 7. h3 Bxd3 8. Qxd3 Nf5 9. g4 Nh4 10. Nxh4 Qxh4 11. Nd2 0-0-0 12. Nf3 Qe7 13. Bf4 Kb8 14. 0-0-0 Na5 15. Rhf1 Qd7 16. Be3 Be7 17. Nd2 h5 18. Rh1 hxg4 19. hxg4 Qc8 20. Rh7 Rdg8 21. Rdh1 Qf8 22. b4 Nc6 23. f4 g6 24. Qf1 a5 25. c3 Rxh7 26. Rxh7 Rh8 27. Rxh8 Qxh8 28. f5 gxf5 29. gxf5 axb4 30. axb4 Qh7 31. f6 Bf8 32. Kb2 Qh2 33. Qg1 Qxg1 34. Bxg1 Bh6 35. Nf3 Kc8 36. Bf2 Kd8 37. Bh4 b5 38. Bg5 Bxg5 39. Nxg5 Ke8 40. Nh7 Na7 41. Kc2 Nc8 42. Kd3 Nb6 43. Ng5 Na4 44. Nf3 Nb2+ 45. Kc2 Nc4 46. Ne1 Kd8 47. Nd3 Na3+ 48. Kc1 Nc4 49. Nc5 Ke8 50. Kd1 Nb2+ 51. Kd2 Nc4+ 52. Ke2 Nb2 53. Na6 Kd7 54. Nb8+ Kc8 55. Nc6 Kd7 56. Na5 Ke8 57. Nb3 Na4 58. Kd3 Nb2+ 59. Kd2 Nc4+ 60. Ke2 Nb2 61. Na1 Kd7 62. Nc2 Ke8 63. Na3 c6 64. Nc2 Na4 65. Kd2 Kd7 66. Na1 Ke8 67. Kd3 Nb2+ 68. Kd2 Na4 69. Kc2 Kd8 70. Nb3 Ke8 71. Na5 Kd7 72. Nb7 Ke8 73. Nd6+ Kf8 74. Nc8 Ke8 75. Kb3 Kf8 76. Na7 Nb6 77. Nxc6 Nc8 78. Kc2 Ke8 79. Kd3 Kd7 80. Nb8+ Ke8 81. Na6 Kd7 82. Nc5+ Ke8 83. Nb7 Kd7 84. Ke3 Kc7 85. Nc5 Nb6 86. Kf4 Na4 87. Nxe6+ Kd7 88. Ng5 Ke8 89. e6 fxe6 90. Ke5 Nxc3 91. Kxe6 Ne4 92. f7+ 1-0

[Event "Rio de Janeiro Tijuca Tenis Club 1st"]
[Site "Rio de Janeiro"]
[Date "2011.04.30"]
[Round "4.2"]
[White "Salles, Marvio Darilho"]
[Black "Guimaraes, Diogo Duarte"]
[Result "0-1"]
[WhiteElo "2102"]
[BlackElo "2184"]
[PlyCount "44"]
[EventDate "2011.04.28"]
[EventType "swiss"]
[EventRounds "6"]
[EventCountry "BRA"]
[SourceTitle "EXT 2022"]
[Source "ChessBase"]
[SourceDate "2021.10.06"]
[SourceVersion "1"]
[SourceVersionDate "2021.10.06"]
[SourceQuality "1"]

1. e4 e5 2. f4 d5 3. exd5 exf4 4. Nf3 Nf6 5. Bc4 Nxd5 6. 0-0 Be7 7. Qe2 Be6 8. d4 Nc6 9. c3 g5 10. Bb5 Nb6 11. Ne5 Qd6 12. Nd2 a6 13. Ne4 Qd5 14. Nxc6 bxc6 15. Bxa6 Rxa6 16. Qxa6 Qxe4 17. Qb7 Bc4 18. Qb8+ Bd8 19. Bd2 Bxf1 20. Re1 Be2 21. Kf2 f3 22. Bxg5 Kd7 0-1

[Event "Rio de Janeiro Estadual op"]
[Site "Rio de Janeiro"]
[Date "2011.02.20"]
[Round "5"]
[White "Salles, Marvio Darilho"]
[Black "Silva, Marcelo dos Santos"]
[Result "1-0"]
[WhiteElo "2100"]
[BlackElo "2055"]
[PlyCount "101"]
[EventDate "2011.02.12"]
[EventType "swiss"]
[EventRounds "7"]
[EventCountry "BRA"]
[SourceTitle "CBM 141 Extra"]
[Source "ChessBase"]
[SourceDate "2011.05.03"]
[SourceVersion "1"]
[SourceVersionDate "2011.05.03"]
[SourceQuality "1"]

1. Nf3 e6 2. e4 d5 3. Nc3 c5 4. exd5 exd5 5. Bb5+ Nc6 6. Qe2+ Be7 7. d4 Nf6 8. 0-0 0-0 9. dxc5 Bxc5 10. Bg5 Be6 11. Rad1 Be7 12. Nd4 Nxd4 13. Rxd4 Qb6 14. Rfd1 a6 15. Bd3 Rfe8 16. Qf3 Ne4 17. Be3 Nxc3 18. bxc3 Qc6 19. Bd2 b5 20. Rf4 Bg5 21. Qh5 Bxf4 22. Qxh7+ Kf8 23. Bxf4 Ke7 24. Qxg7 Kd7 25. Qf6 Rac8 26. Bf5 Re7 27. Bg5 Rce8 28. Qe5 Kc8 29. Bxe7 Rxe7 30. Qf6 Rc7 31. Bxe6+ fxe6 32. Rd3 Qd6 33. h4 Rc4 34. Rf3 Kb7 35. h5 Re4 36. g3 Re1+ 37. Kg2 Qc6 38. Qg7+ Kb6 39. Qd4+ Kc7 40. Rf7+ Kd6 41. f3 Re2+ 42. Kh3 Qe8 43. Qf4+ e5 44. Qh6+ Qe6+ 45. Qxe6+ Kxe6 46. Ra7 Re1 47. h6 e4 48. fxe4 dxe4 49. Rxa6+ Kf7 50. g4 Rh1+ 51. Kg2 1-0

[Event "Rio de Janeiro State-ch"]
[Site "Rio de Janeiro"]
[Date "2008.01.20"]
[Round "3.4"]
[White "Salles, Marvio Darilho"]
[Black "Guimaraes, Wagner Peixoto"]
[Result "1/2-1/2"]
[WhiteElo "2122"]
[BlackElo "2278"]
[PlyCount "120"]
[EventDate "2008.01.19"]
[EventType "swiss"]
[EventRounds "7"]
[EventCountry "BRA"]
[SourceTitle "EXT 2022"]
[Source "ChessBase"]
[SourceDate "2021.10.06"]
[SourceVersion "1"]
[SourceVersionDate "2021.10.06"]
[SourceQuality "1"]

1. Nf3 Nf6 2. b3 b6 3. g3 Bb7 4. Bg2 e6 5. 0-0 Be7 6. Bb2 0-0 7. c4 c5 8. d3 d5 9. Nbd2 d4 10. b4 cxb4 11. Nxd4 Bxg2 12. Kxg2 Qd7 13. N2f3 Nc6 14. Qa4 Nxd4 15. Qxd7 Nxd7 16. Bxd4 Rfc8 17. Rab1 a5 18. Rfc1 Bc5 19. e3 f6 20. Kf1 Rc7 21. Ke2 Rac8 22. Ba1 e5 23. d4 Bd6 24. Kd3 Rd8 25. Nd2 exd4 26. exd4 Bf8 27. Kc2 b5 28. c5 Nxc5 29. dxc5 Rxc5+ 30. Kd1 Rcd5 31. Rc2 Bc5 32. Ke2 Bxf2 33. Nf3 Bc5 34. Rbc1 Bb6 35. Rc8 Rxc8 36. Rxc8+ Kf7 37. Rc6 Bc5 38. Rc7+ Kf8 39. Rb7 Bd6 40. Rd7 Ke8 41. Rxg7 h5 42. Bxf6 a4 43. Rg5 Rxg5 44. Nxg5 h4 45. gxh4 Bxh2 46. Nf3 Bf4 47. Kd3 Kf7 48. Be5 Bc1 49. Kc2 Be3 50. Bd6 b3+ 51. axb3 axb3+ 52. Kxb3 Kg6 53. Kb4 Bf2 54. Be7 Kh5 55. Kxb5 Kg4 56. Ne5+ Kh5 57. Nf3 Kg4 58. Kc4 Kxf3 59. h5 Be3 60. Bc5 Kg4 1/2-1/2

[Event "Rio de Janeiro State-ch"]
[Site "Rio de Janeiro"]
[Date "2008.01.19"]
[Round "2.5"]
[White "Okamura, Milton Kasuo"]
[Black "Salles, Marvio Darilho"]
[Result "1/2-1/2"]
[WhiteElo "2198"]
[BlackElo "2122"]
[PlyCount "82"]
[EventDate "2008.01.19"]
[EventType "swiss"]
[EventRounds "7"]
[EventCountry "BRA"]
[SourceTitle "EXT 2022"]
[Source "ChessBase"]
[SourceDate "2021.10.06"]
[SourceVersion "1"]
[SourceVersionDate "2021.10.06"]
[SourceQuality "1"]

1. Nf3 Nf6 2. c4 c5 3. g3 b6 4. Bg2 Bb7 5. 0-0 g6 6. Nc3 Bg7 7. Re1 0-0 8. e4 d6 9. d4 cxd4 10. Nxd4 Qc8 11. h3 Nc6 12. Be3 Re8 13. Rc1 Qd7 14. Qd2 Rac8 15. b3 Ba8 16. Nde2 Red8 17. g4 h5 18. g5 Ne8 19. Ng3 e6 20. Nf1 Nc7 21. Red1 Ne7 22. Bd4 Bxd4 23. Qxd4 e5 24. Qe3 Ne6 25. Ne2 Qc7 26. h4 Qc5 27. Qd2 Nc6 28. Nfg3 a5 29. Kf1 Ned4 30. Nxd4 Nxd4 31. Ne2 Nc6 32. Rc3 b5 33. cxb5 Qxb5 34. Rdc1 Bb7 35. Ke1 Nb4 36. Rxc8 Bxc8 37. Rc3 Ba6 38. Bf3 Nd3+ 39. Kf1 Nf4 40. Ke1 Nd3+ 41. Kf1 Nf4 1/2-1/2